[Event "DEN-ch G5-1"]
[Site "Helsingor"]
[Date "2012.04.07"]
[Round "3"]
[White "Olesen, Michael Jacob"]
[Black "Petersen, Tom"]
[Result "0-1"]
[WhiteElo "1931"]
[BlackElo "1797"]
[PlyCount "104"]
[EventDate "2012.04.05"]
[EventType "tourn"]
[EventRounds "5"]
[EventCountry "DEN"]
[SourceTitle "EXT 2023"]
[Source "ChessBase"]
[SourceDate "2022.10.05"]
[SourceVersion "1"]
[SourceVersionDate "2022.10.05"]
[SourceQuality "1"]

1. Nf3 e6 2. g3 d5 3. Bg2 c5 4. 0-0 Nc6 5. d4 Nf6 6. b3 cxd4 7. Nxd4 Bc5 8. Nxc6 bxc6 9. Bb2 0-0 10. Nd2 Qb6 11. c4 Ng4 12. e3 e5 13. h3 Nxf2 14. Rxf2 Bxe3 15. Qe2 Bxf2+ 16. Qxf2 Qxf2+ 17. Kxf2 e4 18. Ke3 Be6 19. Rc1 Rac8 20. Ba3 Rfe8 21. Bc5 Rc7 22. b4 Rd7 23. cxd5 Bxd5 24. a3 f5 25. h4 Be6 26. Bf1 Red8 27. Rc2 h6 28. Nc4 Rd1 29. Be2 R1d3+ 30. Kf4 Bxc4 31. Rxc4 Rd2 32. Bf1 R8d7 33. Rc3 g6 34. Bc4+ Kg7 35. Ke5 Rd1 36. Ke6 Rd8 37. Ke5 Re8+ 38. Kf4 Kf6 39. Bxa7 g5+ 40. hxg5+ hxg5+ 41. Ke3 Ke5 42. Be2 f4+ 43. gxf4+ gxf4+ 44. Kf2 Rd6 45. Rc5+ Kf6 46. Rh5 Kg6 47. Rh3 Rd2 48. Ke1 Red8 49. Bb6 R8d7 50. Bg4 R7d5 51. Rh8 f3 52. Be3 Re2+ 0-1